000 00509nam a2200169Ia 4500
003 GCL
008 140319s9999 xx 000 0 ara d
040 _aGCL /
_cGCL
082 0 4 _a641.8
_bس م
100 1 _aسوفنير بوك هاوس
245 1 0 _aعالم الحلويات الشرقية والغربية /
_cسوفنير بوك هاوس
300 _a277 ص
490 _aموسوعة عالم الطبخ
_v0
650 0 4 _aالاقتصاد المنزلى
650 0 4 _aالحلوى
942 _2ddc
_cBK
999 _c43464
_d43464